000 00815nam a22002177a 4500
008 090305t xxu||||| |||| 00| 0 eng d
010 _aENG-93069
020 _c115.00
_a9788189841720
035 _aEN-76602
037 _bDBAD / PUB
040 _adpl
_bEnglish
082 _a006.3
100 _aPugazendi, R.
245 _aData mining /
_cby R. Pugazendi
260 _aErode
_bPallavi Pathippagam S. India
_c2008
270 _a194, Kanna Complex, Mettur Road,
_bErode
_e11
300 _a102p.
_c20cm (pbk)
650 _aData mining.
942 _2ddc
_cEN
_mPUG
_h006.3
999 _c24887
_d24887